[Event "European Online Club-ch-D 2021"]
[Site "Online"]
[Date "2021.03.27"]
[Round "1.10"]
[White "Kvetny, Mark"]
[Black "Parligras, Mircea-Emilian"]
[Result "1/2-1/2"]
[WhiteElo "2416"]
[BlackElo "2591"]
[Annotator "ChessBase"]
[PlyCount "70"]
[EventDate "2021.03.27"]
[EventType "team-tourn"]
[EventCountry "NET"]
[SourceTitle "playchess.com"]
[Source "ChessBase"]
[SourceQuality "1"]
[TimeControl "900+5"]

1. c4 {[%emt 0:00:00]} e6 {[%emt 0:00:04]} 2. Nf3 {[%emt 0:00:13]} d5 {[%emt 0:00:06]} 3. e3 {[%emt 0:00:02]} Nf6 {[%emt 0:00:22]} 4. Nc3 {[%emt 0:00:10]} dxc4 {[%emt 0:00:28]} 5. Bxc4 {[%emt 0:00:03]} a6 {[%emt 0:00:03]} 6. b3 {[%emt 0:00:51]} b5 {[%emt 0:00:12]} 7. Be2 {[%emt 0:00:02]} c5 {[%emt 0:00:10]} 8. Bb2 {[%emt 0:00:25]} Bb7 {[%emt 0:00:03]} 9. a4 {[%emt 0:00:44]} b4 {[%emt 0:00:04]} 10. Nb1 {[%emt 0:00:02]} Be7 {[%emt 0:01:08]} 11. d3 {[%emt 0:00:20]} O-O {[%emt 0:00:38]} 12. O-O {[%emt 0:00:05]} Nd5 {[%emt 0:00:26]} 13. Qc2 {[%emt 0:00:22]} Nd7 {[%emt 0:00:13]} 14. Nbd2 {[%emt 0:00:18]} Bf6 {[%emt 0:00:11]} 15. Rac1 {[%emt 0:01:21]} Bxb2 {[%emt 0:00:19]} 16. Qxb2 {[%emt 0:00:03]} Nc3 {[%emt 0:00:13]} 17. Nb1 {[%emt 0:00:08]} Nd5 {[%emt 0:00:30]} 18. Rfd1 {[%emt 0:00:41]} Rc8 {[%emt 0:00:13]} 19. Bf1 {[%emt 0:01:52]} Qe7 {[%emt 0:00:28]} 20. e4 {[%emt 0:00:47]} Nf4 {[%emt 0:01:43]} 21. Nbd2 {[%emt 0:00:25]} e5 {[%emt 0:00:30]} 22. Nc4 {[%emt 0:00:24]} f6 {[%emt 0:00:04]} 23. g3 {[%emt 0:00:40]} Ne6 {[%emt 0:00:05]} 24. Bh3 {[%emt 0:00:01]} Rfd8 {[%emt 0:00:56]} 25. Qc2 {[%emt 0:00:46]} Ndf8 {[%emt 0:01:00]} 26. Nb6 {[%emt 0:01:45]} Rc7 {[%emt 0:01:01]} 27. Qc4 {[%emt 0:00:37]} Qd6 {[%emt 0:00:25]} 28. a5 {[%emt 0:00:02]} Kh8 {[%emt 0:00:11]} 29. Bg2 {[%emt 0:00:39]} Nd7 {[%emt 0:01:42]} 30. Nd5 {[%emt 0:00:18]} Rcc8 {[%emt 0:00:47]} 31. Bh3 {[%emt 0:00:26]} Ndf8 {[%emt 0:00:14]} 32. Nb6 {[%emt 0:00:13]} Rc7 {[%emt 0:00:04]} 33. Bg2 {[%emt 0:00:05]} Nd7 {[%emt 0:00:03]} 34. Nd5 {[%emt 0:00:04]} Rcc8 {[%emt 0:00:02]} 35. Bh3 {[%emt 0:00:07]} Ndf8 {[%emt 0:00:03]} 1/2-1/2

[Event "European Online Club-ch-D 2021"]
[Site "Online"]
[Date "2021.03.27"]
[Round "1.11"]
[White "Toma, Radu-Cristian"]
[Black "Hoffmann, Hendrik"]
[Result "1/2-1/2"]
[WhiteElo "2385"]
[BlackElo "2242"]
[Annotator "NA"]
[PlyCount "108"]
[EventDate "2021.03.27"]
[EventType "team-tourn"]
[EventCountry "NET"]
[SourceTitle "playchess.com"]
[Source "ChessBase"]
[SourceQuality "1"]
[TimeControl "900+5"]

1. Nf3 {[%emt 0:00:00]} d5 {[%emt 0:00:07]} 2. e3 {[%emt 0:00:09]} Nf6 {[%emt 0:00:04]} 3. c4 {[%emt 0:00:10]} c5 {[%emt 0:00:04]} 4. cxd5 {[%emt 0:00:32]} Nxd5 {[%emt 0:00:04]} 5. Be2 {[%emt 0:00:14]} Nc6 {[%emt 0:00:13]} 6. O-O {[%emt 0:00:13]} e6 {[%emt 0:00:22]} 7. a3 {[%emt 0:00:18]} Be7 {[%emt 0:00:08]} 8. Qc2 {[%emt 0:00:09]} O-O {[%emt 0:00:13]} 9. b3 {[%emt 0:00:18]} b6 {[%emt 0:00:14]} 10. Bb2 {[%emt 0:00:10]} Bf6 {[%emt 0:00:17]} 11. d3 {[%emt 0:00:04]} Bb7 {[%emt 0:00:10]} 12. Nbd2 {[%emt 0:00:03]} Bxb2 {[%emt 0:00:19]} 13. Qxb2 {[%emt 0:00:02]} Qf6 {[%emt 0:00:01]} 14. Qxf6 {[%emt 0:00:04]} Nxf6 {[%emt 0:00:03]} 15. Rab1 {[%emt 0:00:32]} Rfd8 {[%emt 0:00:17]} 16. Rfc1 {[%emt 0:01:01]} Rac8 {[%emt 0:00:55]} 17. Rc2 {[%emt 0:01:17]} Kf8 {[%emt 0:00:43]} 18. Nc4 {[%emt 0:00:21]} Nd5 {[%emt 0:01:30]} 19. Rbc1 {[%emt 0:00:39]} f6 {[%emt 0:00:18]} 20. h4 {[%emt 0:01:12]} Ke7 {[%emt 0:01:21]} 21. h5 {[%emt 0:00:20]} g5 {[%emt 0:00:07]} 22. Ne1 {[%emt 0:01:50]} f5 {[%emt 0:00:40]} 23. g3 {[%emt 0:00:20]} Nf6 {[%emt 0:00:27]} 24. f4 {[%emt 0:00:28]} g4 {[%emt 0:00:13]} 25. h6 {[%emt 0:00:05]} Ng8 {[%emt 0:00:28]} 26. Rb2 {[%emt 0:00:37]} Nxh6 {[%emt 0:00:23]} 27. b4 {[%emt 0:00:31]} cxb4 {[%emt 0:00:07]} 28. axb4 {[%emt 0:00:05]} Nf7 {[%emt 0:00:07]} 29. Ra1 {[%emt 0:01:30]} Nd6 {[%emt 0:00:10]} 30. Nd2 {[%emt 0:00:27]} Ra8 {[%emt 0:00:44]} 31. d4 {[%emt 0:00:09]} a5 {[%emt 0:00:11]} 32. bxa5 {[%emt 0:00:10]} Rxa5 {[%emt 0:00:04]} 33. Rab1 {[%emt 0:00:06]} Rd7 {[%emt 0:00:58]} 34. Nd3 {[%emt 0:00:20]} b5 {[%emt 0:01:22]} 35. Nc5 {[%emt 0:00:13]} Rc7 {[%emt 0:00:05]} 36. Bxb5 {[%emt 0:00:07]} Bc8 {[%emt 0:00:44]} 37. Ba4 {[%emt 0:00:53]} Nd8 {[%emt 0:00:35]} 38. Rb6 {[%emt 0:00:06]} N8b7 {[%emt 0:00:13]} 39. Ndb3 {[%emt 0:00:56]} Ra7 {[%emt 0:00:20]} 40. Nxb7 {[%emt 0:00:03]} Bxb7 {[%emt 0:00:11]} 41. Nc5 {[%emt 0:00:04]} Be4 {[%emt 0:00:05]} 42. R1b4 {[%emt 0:00:08]} Bd5 {[%emt 0:00:07]} 43. Bb3 {[%emt 0:00:17]} Bf3 {[%emt 0:01:59]} 44. Ra4 {[%emt 0:00:23]} Rxa4 {[%emt 0:00:09]} 45. Bxa4 {[%emt 0:00:01]} Bd5 {[%emt 0:00:04]} 46. Bb3 {[%emt 0:00:08]} Bxb3 {[%emt 0:00:09]} 47. Rxb3 {[%emt 0:00:03]} Ra7 {[%emt 0:00:02]} 48. Rb2 {[%emt 0:00:05]} Ra3 {[%emt 0:00:04]} 49. Kf2 {[%emt 0:00:03]} h5 {[%emt 0:00:02]} 50. Rc2 {[%emt 0:00:31]} Ra1 {[%emt 0:00:09]} 51. Kg2 {[%emt 0:00:07]} Re1 {[%emt 0:00:04]} 52. Kf2 {[%emt 0:00:02]} Ra1 {[%emt 0:00:07]} 53. Kg2 {[%emt 0:00:04]} Re1 {[%emt 0:00:02]} 54. Kf2 {[%emt 0:00:09]} Ra1 {[%emt 0:00:02]} 1/2-1/2

[Event "European Online Club-ch-D 2021"]
[Site "Online"]
[Date "2021.03.27"]
[Round "1.12"]
[White "Maciol, Ryszard"]
[Black "Georgescu, Tiberiu-Marian"]
[Result "0-1"]
[WhiteElo "2154"]
[BlackElo "2479"]
[Annotator "ChessBase"]
[PlyCount "60"]
[EventDate "2021.03.27"]
[EventType "team-tourn"]
[EventCountry "NET"]
[SourceTitle "playchess.com"]
[Source "ChessBase"]
[SourceQuality "1"]
[TimeControl "900+5"]

1. d4 {[%emt 0:00:00]} d5 {[%emt 0:00:16]} 2. c4 {[%emt 0:00:05]} e6 {[%emt 0:00:02]} 3. Nc3 {[%emt 0:00:03]} Nf6 {[%emt 0:00:02]} 4. cxd5 {[%emt 0:00:01]} exd5 {[%emt 0:00:02]} 5. Bg5 {[%emt 0:00:02]} c6 {[%emt 0:00:02]} 6. e3 {[%emt 0:00:01]} Be7 {[%emt 0:00:05]} 7. Bd3 {[%emt 0:00:03]} Nbd7 {[%emt 0:00:03]} 8. Nf3 {[%emt 0:00:18]} Nh5 {[%emt 0:00:45]} 9. Bxe7 {[%emt 0:01:55]} Qxe7 {[%emt 0:00:00]} 10. O-O {[%emt 0:00:01]} g6 {[%emt 0:00:17]} 11. Rb1 {[%emt 0:00:37]} O-O {[%emt 0:00:13]} 12. b4 {[%emt 0:00:08]} a6 {[%emt 0:00:25]} 13. Na4 {[%emt 0:00:41]} Ng7 {[%emt 0:00:48]} 14. Qc2 {[%emt 0:00:34]} Ne8 {[%emt 0:04:11]} 15. Nc5 {[%emt 0:02:02]} Nd6 {[%emt 0:00:35]} 16. a4 {[%emt 0:01:16]} Nb6 {[%emt 0:00:58]} 17. Nd2 {[%emt 0:03:39]} Bf5 {[%emt 0:00:44]} 18. Bxf5 {[%emt 0:00:54]} Nxf5 {[%emt 0:00:03]} 19. b5 {[%emt 0:00:47]} cxb5 {[%emt 0:00:03]} 20. axb5 {[%emt 0:00:02]} a5 {[%emt 0:00:02]} 21. Ra1 {[%emt 0:01:25]} Nd6 {[%emt 0:00:07]} 22. Qb3 {[%emt 0:00:19]} Nbc4 {[%emt 0:00:32]} 23. Nxc4 {[%emt 0:00:41]} Nxc4 {[%emt 0:00:00]} 24. Ra2 {[%emt 0:00:24]} b6 {[%emt 0:00:41]} 25. Na4 {[%emt 0:00:05]} Rfc8 {[%emt 0:00:37]} 26. Nc3 {[%emt 0:00:52]} Nxe3 {[%emt 0:01:51]} 27. fxe3 {[%emt 0:00:10]} Qxe3+ {[%emt 0:00:04]} 28. Raf2 {[%emt 0:00:01]} Rxc3 {[%emt 0:00:43]} 29. Qxd5 {[%emt 0:00:02]} Rf8 {[%emt 0:00:03]} 30. h3 {[%emt 0:00:12]} Rc2 {[%emt 0:00:37]} 0-1

[Event "European Online Club-ch-D 2021"]
[Site "Online"]
[Date "2021.03.27"]
[Round "1.13"]
[White "Bauer, Christian"]
[Black "Tokhirjonova, Gulrukhbegim"]
[Result "1-0"]
[WhiteElo "2639"]
[BlackElo "2362"]
[Annotator "ChessBase"]
[PlyCount "95"]
[EventDate "2021.03.27"]
[EventType "team-tourn"]
[EventCountry "NET"]
[SourceTitle "playchess.com"]
[Source "ChessBase"]
[SourceQuality "1"]
[TimeControl "900+5"]

1. c4 {[%emt 0:00:00]} e6 {[%emt 0:00:15]} 2. Nc3 {[%emt 0:00:03]} d5 {[%emt 0:00:03]} 3. d4 {[%emt 0:00:02]} Bb4 {[%emt 0:00:11]} 4. Nf3 {[%emt 0:00:23]} Nf6 {[%emt 0:00:08]} 5. g3 {[%emt 0:00:04]} O-O {[%emt 0:00:08]} 6. Bg2 {[%emt 0:00:02]} dxc4 {[%emt 0:00:02]} 7. O-O {[%emt 0:00:02]} c5 {[%emt 0:00:40]} 8. dxc5 {[%emt 0:00:11]} Bxc5 {[%emt 0:01:40]} 9. Qa4 {[%emt 0:00:42]} Nc6 {[%emt 0:00:37]} 10. Qxc4 {[%emt 0:00:04]} Be7 {[%emt 0:00:19]} 11. Rd1 {[%emt 0:00:25]} Qa5 {[%emt 0:00:02]} 12. Bd2 {[%emt 0:00:29]} Qb4 {[%emt 0:01:02]} 13. Qxb4 {[%emt 0:00:05]} Bxb4 {[%emt 0:00:03]} 14. a3 {[%emt 0:00:37]} Be7 {[%emt 0:00:33]} 15. Bf4 {[%emt 0:00:02]} Rd8 {[%emt 0:00:20]} 16. Ne5 {[%emt 0:00:13]} Bd7 {[%emt 0:00:53]} 17. Nxd7 {[%emt 0:01:24]} Rxd7 {[%emt 0:00:04]} 18. Rxd7 {[%emt 0:00:02]} Nxd7 {[%emt 0:00:03]} 19. Rd1 {[%emt 0:00:00]} Nb6 {[%emt 0:00:09]} 20. Nb5 {[%emt 0:01:06]} g5 {[%emt 0:01:08]} 21. Bc1 {[%emt 0:01:25]} a6 {[%emt 0:01:08]} 22. Nc3 {[%emt 0:02:37]} Rd8 {[%emt 0:00:34]} 23. Rxd8+ {[%emt 0:00:28]} Nxd8 {[%emt 0:00:15]} 24. Kf1 {[%emt 0:00:18]} f5 {[%emt 0:00:02]} 25. e4 {[%emt 0:00:06]} Kf7 {[%emt 0:00:10]} 26. Ke2 {[%emt 0:00:10]} Nc6 {[%emt 0:00:06]} 27. exf5 {[%emt 0:00:02]} exf5 {[%emt 0:00:02]} 28. Be3 {[%emt 0:00:06]} Nd7 {[%emt 0:00:12]} 29. Bd5+ {[%emt 0:01:42]} Kg6 {[%emt 0:00:04]} 30. Be6 {[%emt 0:00:29]} Nde5 {[%emt 0:00:46]} 31. Bc8 {[%emt 0:00:25]} Na5 {[%emt 0:01:04]} 32. Nd5 {[%emt 0:00:11]} Bd6 {[%emt 0:00:09]} 33. b4 {[%emt 0:00:19]} Nac4 {[%emt 0:00:09]} 34. Bc1 {[%emt 0:00:30]} a5 {[%emt 0:01:29]} 35. Bxb7 {[%emt 0:00:07]} axb4 {[%emt 0:00:03]} 36. axb4 {[%emt 0:00:01]} h5 {[%emt 0:00:11]} 37. Ba6 {[%emt 0:00:14]} f4 {[%emt 0:00:52]} 38. gxf4 {[%emt 0:00:05]} gxf4 {[%emt 0:00:02]} 39. Nxf4+ {[%emt 0:00:26]} Kf5 {[%emt 0:00:11]} 40. Nxh5 {[%emt 0:00:33]} Nb6 {[%emt 0:00:10]} 41. b5 {[%emt 0:00:27]} Nd5 {[%emt 0:00:13]} 42. Ng3+ {[%emt 0:00:07]} Kg6 {[%emt 0:00:09]} 43. Ne4 {[%emt 0:00:07]} Bc7 {[%emt 0:00:11]} 44. Bc8 {[%emt 0:00:10]} Kh5 {[%emt 0:00:32]} 45. Bf5 {[%emt 0:00:17]} Bb6 {[%emt 0:00:54]} 46. h3 {[%emt 0:00:30]} Ne7 {[%emt 0:00:27]} 47. Be6 {[%emt 0:00:16]} N5g6 {[%emt 0:00:14]} 48. Bg4+ {[%emt 0:00:05]} 1-0

[Event "European Online Club-ch-D 2021"]
[Site "Online"]
[Date "2021.03.27"]
[Round "1.14"]
[White "Nandhidhaa, P V"]
[Black "Pelletier, Yannick"]
[Result "1-0"]
[WhiteElo "2365"]
[BlackElo "2581"]
[Annotator "ChessBase"]
[PlyCount "95"]
[EventDate "2021.03.27"]
[EventType "team-tourn"]
[EventCountry "NET"]
[SourceTitle "playchess.com"]
[Source "ChessBase"]
[SourceQuality "1"]
[TimeControl "900+5"]

1. e4 {[%emt 0:00:00]} c6 {[%emt 0:00:12]} 2. d4 {[%emt 0:00:05]} d5 {[%emt 0:00:02]} 3. e5 {[%emt 0:00:04]} Bf5 {[%emt 0:00:03]} 4. h4 {[%emt 0:00:02]} h5 {[%emt 0:00:03]} 5. c4 {[%emt 0:00:04]} e6 {[%emt 0:00:03]} 6. Nc3 {[%emt 0:00:02]} Nd7 {[%emt 0:00:11]} 7. cxd5 {[%emt 0:00:04]} cxd5 {[%emt 0:00:11]} 8. Bd3 {[%emt 0:00:03]} Bxd3 {[%emt 0:00:27]} 9. Qxd3 {[%emt 0:00:04]} Nh6 {[%emt 0:02:36]} 10. Bxh6 {[%emt 0:00:04]} Rxh6 {[%emt 0:00:16]} 11. Nf3 {[%emt 0:00:02]} Be7 {[%emt 0:00:11]} 12. g3 {[%emt 0:00:07]} a6 {[%emt 0:00:47]} 13. Kf1 {[%emt 0:00:25]} Qb6 {[%emt 0:01:11]} 14. Kg2 {[%emt 0:00:30]} O-O-O {[%emt 0:01:00]} 15. Rab1 {[%emt 0:04:18]} Kb8 {[%emt 0:01:17]} 16. b4 {[%emt 0:00:14]} Rc8 {[%emt 0:00:17]} 17. b5 {[%emt 0:02:31]} a5 {[%emt 0:00:09]} 18. Na4 {[%emt 0:01:37]} Qc7 {[%emt 0:00:04]} 19. Rhc1 {[%emt 0:00:17]} Qd8 {[%emt 0:04:26]} 20. Rxc8+ {[%emt 0:00:58]} Qxc8 {[%emt 0:00:09]} 21. b6 {[%emt 0:00:04]} Qc4 {[%emt 0:01:27]} 22. Qxc4 {[%emt 0:02:56]} dxc4 {[%emt 0:00:00]} 23. Rc1 {[%emt 0:00:50]} Bd8 {[%emt 0:00:53]} 24. Ng5 {[%emt 0:00:38]} Nxb6 {[%emt 0:00:37]} 25. Nxb6 {[%emt 0:00:10]} Bxb6 {[%emt 0:00:00]} 26. Nxf7 {[%emt 0:00:06]} Rh7 {[%emt 0:00:05]} 27. Rxc4 {[%emt 0:00:03]} g6 {[%emt 0:00:06]} 28. Ng5 {[%emt 0:00:08]} Re7 {[%emt 0:00:02]} 29. Kf3 {[%emt 0:00:04]} Bc7 {[%emt 0:00:15]} 30. Ke4 {[%emt 0:00:04]} Kc8 {[%emt 0:00:09]} 31. a4 {[%emt 0:00:09]} Kd7 {[%emt 0:00:04]} 32. f4 {[%emt 0:00:06]} Re8 {[%emt 0:00:15]} 33. Nh7 {[%emt 0:00:07]} Rb8 {[%emt 0:00:07]} 34. Nf6+ {[%emt 0:00:02]} Kd8 {[%emt 0:00:01]} 35. d5 {[%emt 0:00:05]} exd5+ {[%emt 0:00:02]} 36. Nxd5 {[%emt 0:00:02]} b5 {[%emt 0:00:00]} 37. axb5 {[%emt 0:00:02]} Bb6 {[%emt 0:00:10]} 38. Rc6 {[%emt 0:00:13]} Bf2 {[%emt 0:00:04]} 39. Rd6+ {[%emt 0:00:28]} Ke8 {[%emt 0:00:04]} 40. Kf3 {[%emt 0:00:06]} Be1 {[%emt 0:00:14]} 41. Rxg6 {[%emt 0:00:03]} Kf7 {[%emt 0:00:05]} 42. Rf6+ {[%emt 0:00:02]} Kg7 {[%emt 0:00:03]} 43. f5 {[%emt 0:00:22]} Rxb5 {[%emt 0:00:05]} 44. Rg6+ {[%emt 0:00:02]} Kf8 {[%emt 0:00:04]} 45. Ke4 {[%emt 0:00:02]} a4 {[%emt 0:00:04]} 46. e6 {[%emt 0:00:01]} Bb4 {[%emt 0:00:11]} 47. f6 {[%emt 0:00:06]} a3 {[%emt 0:00:06]} 48. e7+ {[%emt 0:00:03]} 1-0

[Event "European Online Club-ch-D 2021"]
[Site "Online"]
[Date "2021.03.27"]
[Round "1.15"]
[White "Petkidis, Anthony"]
[Black "Dauletova, Gulmira"]
[Result "1/2-1/2"]
[WhiteElo "2401"]
[BlackElo "2285"]
[Annotator "NA"]
[PlyCount "200"]
[EventDate "2021.03.27"]
[EventType "team-tourn"]
[EventCountry "NET"]
[SourceTitle "playchess.com"]
[Source "ChessBase"]
[SourceQuality "1"]
[TimeControl "900+5"]

1. e4 {[%emt 0:00:00]} e5 {[%emt 0:00:05]} 2. Nf3 {[%emt 0:00:04]} Nc6 {[%emt 0:00:02]} 3. Bc4 {[%emt 0:00:03]} Bc5 {[%emt 0:00:03]} 4. c3 {[%emt 0:00:03]} Nf6 {[%emt 0:00:03]} 5. d3 {[%emt 0:00:03]} d6 {[%emt 0:00:01]} 6. h3 {[%emt 0:00:19]} h6 {[%emt 0:00:04]} 7. Nbd2 {[%emt 0:00:22]} O-O {[%emt 0:00:05]} 8. O-O {[%emt 0:00:10]} a5 {[%emt 0:00:06]} 9. Re1 {[%emt 0:01:23]} Be6 {[%emt 0:02:04]} 10. Bxe6 {[%emt 0:00:38]} fxe6 {[%emt 0:00:02]} 11. Nf1 {[%emt 0:00:10]} Nh5 {[%emt 0:00:36]} 12. d4 {[%emt 0:03:59]} exd4 {[%emt 0:01:49]} 13. cxd4 {[%emt 0:00:03]} Bb4 {[%emt 0:00:01]} 14. Re3 {[%emt 0:00:26]} a4 {[%emt 0:00:56]} 15. a3 {[%emt 0:02:03]} Ba5 {[%emt 0:00:02]} 16. Qxa4 {[%emt 0:00:36]} Nf4 {[%emt 0:01:04]} 17. Qd1 {[%emt 0:01:08]} Bb6 {[%emt 0:00:08]} 18. b3 {[%emt 0:00:43]} e5 {[%emt 0:00:14]} 19. Bb2 {[%emt 0:00:15]} Qf6 {[%emt 0:00:07]} 20. dxe5 {[%emt 0:02:22]} dxe5 {[%emt 0:00:08]} 21. N1h2 {[%emt 0:01:16]} Rad8 {[%emt 0:02:03]} 22. Qc2 {[%emt 0:00:05]} Bxe3 {[%emt 0:02:17]} 23. fxe3 {[%emt 0:00:00]} Ng6 {[%emt 0:00:06]} 24. b4 {[%emt 0:00:02]} Qd6 {[%emt 0:00:36]} 25. Rc1 {[%emt 0:00:18]} Rf7 {[%emt 0:00:25]} 26. b5 {[%emt 0:00:05]} Na5 {[%emt 0:00:16]} 27. Ng4 {[%emt 0:00:02]} Qd3 {[%emt 0:00:22]} 28. Qxd3 {[%emt 0:00:19]} Rxd3 {[%emt 0:00:02]} 29. Ngxe5 {[%emt 0:00:07]} Nxe5 {[%emt 0:00:02]} 30. Nxe5 {[%emt 0:00:01]} Rb3 {[%emt 0:00:56]} 31. Nxf7 {[%emt 0:00:02]} Rxb2 {[%emt 0:00:01]} 32. Rxc7 {[%emt 0:00:04]} Re2 {[%emt 0:00:16]} 33. Nd6 {[%emt 0:00:13]} Rxe3 {[%emt 0:00:11]} 34. Nxb7 {[%emt 0:00:12]} Nxb7 {[%emt 0:00:15]} 35. Rxb7 {[%emt 0:00:00]} Rxa3 {[%emt 0:00:01]} 36. Kf2 {[%emt 0:00:01]} Rb3 {[%emt 0:00:09]} 37. e5 {[%emt 0:00:03]} Kf8 {[%emt 0:00:11]} 38. Ke2 {[%emt 0:00:02]} g5 {[%emt 0:00:12]} 39. Kf2 {[%emt 0:00:16]} Ke8 {[%emt 0:00:07]} 40. Rb6 {[%emt 0:00:07]} Kf7 {[%emt 0:00:14]} 41. Rf6+ {[%emt 0:00:05]} Kg7 {[%emt 0:00:17]} 42. Rb6 {[%emt 0:00:06]} Kf7 {[%emt 0:00:07]} 43. Rxh6 {[%emt 0:00:07]} Rxb5 {[%emt 0:00:02]} 44. Rf6+ {[%emt 0:00:02]} Kg7 {[%emt 0:00:06]} 45. Rf5 {[%emt 0:00:07]} Kg6 {[%emt 0:00:02]} 46. g4 {[%emt 0:00:02]} Rb3 {[%emt 0:00:14]} 47. Rf3 {[%emt 0:00:01]} Rb2+ {[%emt 0:00:15]} 48. Ke3 {[%emt 0:00:02]} Rb1 {[%emt 0:00:59]} 49. Kd4 {[%emt 0:00:05]} Rd1+ {[%emt 0:00:19]} 50. Kc5 {[%emt 0:00:04]} Rd2 {[%emt 0:00:16]} 51. e6 {[%emt 0:00:03]} Kg7 {[%emt 0:00:09]} 52. Kc6 {[%emt 0:00:06]} Re2 {[%emt 0:00:06]} 53. Kd7 {[%emt 0:00:02]} Rd2+ {[%emt 0:00:01]} 54. Ke7 {[%emt 0:00:02]} Ra2 {[%emt 0:00:05]} 55. Rf7+ {[%emt 0:00:10]} Kg6 {[%emt 0:00:04]} 56. Rf6+ {[%emt 0:00:08]} Kg7 {[%emt 0:00:02]} 57. Rf5 {[%emt 0:00:02]} Ra7+ {[%emt 0:00:07]} 58. Kd6 {[%emt 0:00:05]} Ra6+ {[%emt 0:00:02]} 59. Kd5 {[%emt 0:00:02]} Ra5+ {[%emt 0:00:05]} 60. Kc4 {[%emt 0:00:05]} Ra4+ {[%emt 0:00:07]} 61. Kb3 {[%emt 0:00:10]} Re4 {[%emt 0:00:03]} 62. Rxg5+ {[%emt 0:00:02]} Kf6 {[%emt 0:00:03]} 63. Rh5 {[%emt 0:00:04]} Kxe6 {[%emt 0:00:04]} 64. Kc3 {[%emt 0:00:01]} Kf6 {[%emt 0:00:09]} 65. Kd3 {[%emt 0:00:02]} Re1 {[%emt 0:00:05]} 66. Rf5+ {[%emt 0:00:06]} Kg6 {[%emt 0:00:02]} 67. Kd2 {[%emt 0:00:07]} Re4 {[%emt 0:00:07]} 68. Rd5 {[%emt 0:00:12]} Kh6 {[%emt 0:00:05]} 69. Kd3 {[%emt 0:00:10]} Re1 {[%emt 0:00:02]} 70. h4 {[%emt 0:00:07]} Rh1 {[%emt 0:00:11]} 71. Rd6+ {[%emt 0:00:04]} Kg7 {[%emt 0:00:01]} 72. h5 {[%emt 0:00:03]} Re1 {[%emt 0:00:10]} 73. Kd2 {[%emt 0:00:09]} Re5 {[%emt 0:00:03]} 74. Rg6+ {[%emt 0:00:10]} Kh7 {[%emt 0:00:02]} 75. Kd3 {[%emt 0:00:01]} Re1 {[%emt 0:00:07]} 76. Kd4 {[%emt 0:00:01]} Re2 {[%emt 0:00:02]} 77. Kd5 {[%emt 0:00:01]} Re1 {[%emt 0:00:03]} 78. Kd6 {[%emt 0:00:01]} Re2 {[%emt 0:00:03]} 79. Kd7 {[%emt 0:00:01]} Re4 {[%emt 0:00:03]} 80. g5 {[%emt 0:00:05]} Rh4 {[%emt 0:00:10]} 81. Rh6+ {[%emt 0:00:05]} Kg7 {[%emt 0:00:02]} 82. Ke6 {[%emt 0:00:03]} Rh1 {[%emt 0:00:07]} 83. Kf5 {[%emt 0:00:09]} Rf1+ {[%emt 0:00:05]} 84. Ke5 {[%emt 0:00:02]} Re1+ {[%emt 0:00:04]} 85. Kf4 {[%emt 0:00:01]} Rf1+ {[%emt 0:00:03]} 86. Ke3 {[%emt 0:00:04]} Rh1 {[%emt 0:00:08]} 87. Kf3 {[%emt 0:00:07]} Rh2 {[%emt 0:00:09]} 88. Kg3 {[%emt 0:00:05]} Rh1 {[%emt 0:00:01]} 89. Kg2 {[%emt 0:00:10]} Rh4 {[%emt 0:00:02]} 90. Kg3 {[%emt 0:00:05]} Rh1 {[%emt 0:00:02]} 91. Rg6+ {[%emt 0:00:22]} Kh7 {[%emt 0:00:02]} 92. Ra6 {[%emt 0:00:03]} Rxh5 {[%emt 0:00:03]} 93. Kg4 {[%emt 0:00:01]} Rh1 {[%emt 0:00:02]} 94. Ra7+ {[%emt 0:00:01]} Kg6 {[%emt 0:00:04]} 95. Ra6+ {[%emt 0:00:02]} Kg7 {[%emt 0:00:01]} 96. Kf5 {[%emt 0:00:02]} Rf1+ {[%emt 0:00:02]} 97. Kg4 {[%emt 0:00:13]} Rg1+ {[%emt 0:00:03]} 98. Kf5 {[%emt 0:00:01]} Rf1+ {[%emt 0:00:01]} 99. Kg4 {[%emt 0:00:01]} Rg1+ {[%emt 0:00:02]} 100. Kf5 {[%emt 0:00:01]} Rf1+ {[%emt 0:00:01]} 1/2-1/2